000
00288nam a22001337a 4500
008
181122b xxu||||| |||| 00| 0 eng d
020
_a
0070331200
041
_a
eng
080
_2
4th
_a
610
100
_a
4
101
_a
SHM
245
_a
Clinical Ethical
_c
Jonsen,A.R
942
_2
udc
_c
BK
999
_c
52375
_d
52375